| 000 | 00357nam a2200145Ia 4500 | ||
|---|---|---|---|
| 008 | 230524s9999 xx 000 0 und d | ||
| 020 | _a9788122430325 | ||
| 100 | _aB.Ravindranath | ||
| 245 | 0 | _aPower System Protection and Switchgear | |
| 260 | _bNew Age | ||
| 500 | _aQuantity Number: 90 | ||
| 650 | _aElectrical | ||
| 700 | _aM.Chander | ||
| 942 | _cBK | ||
| 999 |
_c51187 _d51187 |
||